000
00333nam a2200133Ia 4500
008
220204s9999 xx 000 0 und d
082
_a
058.087
_b
LEW
100
_a
LEWIS, Alvin E
245
0
_a
Biostatistics
260
_a
New Delhi
_b
Affiliated East West
_c
1971
650
_a
Biostatistics
650
_a
Random sampling
942
_c
BK
999
_c
22644
_d
22644